The management and usage of forest resource by tradition of local communities in poy commune o'chum district rattanakiri province, ការគ្រប់គ្រងនិងការប្រើប្រាស់ធនធានព្រៃឈើតាមលក្ខណៈប្រពៃណីរបស់សហគមន៍មូលដ្ឋានក្នុងឃុំប៉ូយ ស្រុកអូរជុំ ខេត្តរតនៈគិរី (Record no. 4429)

000 -LEADER
fixed length control field 00837nam a22001577a 4500
003 - CONTROL NUMBER IDENTIFIER
control field OSt
005 - DATE AND TIME OF LATEST TRANSACTION
control field 20151212133522.0
008 - FIXED-LENGTH DATA ELEMENTS--GENERAL INFORMATION
fixed length control field 151212b xxu||||| |||| 00| 0 eng d
040 ## - CATALOGING SOURCE
Transcribing agency RUA
082 ## - DEWEY DECIMAL CLASSIFICATION NUMBER
Classification number ATM.s SOM 2004 B212 Or.1
100 ## - MAIN ENTRY--PERSONAL NAME
9 (RLIN) 4754
Personal name SOM, THUNSOVATHARITH.
245 ## - TITLE STATEMENT
Title The management and usage of forest resource by tradition of local communities in poy commune o'chum district rattanakiri province, ការគ្រប់គ្រងនិងការប្រើប្រាស់ធនធានព្រៃឈើតាមលក្ខណៈប្រពៃណីរបស់សហគមន៍មូលដ្ឋានក្នុងឃុំប៉ូយ ស្រុកអូរជុំ ខេត្តរតនៈគិរី
260 ## - PUBLICATION, DISTRIBUTION, ETC. (IMPRINT)
Place of publication, distribution, etc. Phnom Penh
Name of publisher, distributor, etc. RUA
Date of publication, distribution, etc. 2004
300 ## - PHYSICAL DESCRIPTION
Extent vii; 52p.
Other physical details ill.
Dimensions 29cm.
942 ## - ADDED ENTRY ELEMENTS (KOHA)
Source of classification or shelving scheme
Koha item type ATM.s
Holdings
Price effective from Date last seen Permanent Location Not for loan Date acquired Source of classification or shelving scheme Koha item type Barcode Lost status Damaged status Shelving location Withdrawn status Current Location Full call number
2015-12-122015-12-12Library Block B 2015-12-12 ATM.sRUA016750  B212 Library Block BATM.s SOM 2004 B212 Or.1
2015-12-122015-12-12Library Block B 2015-12-12 ATM.sRUA016957  B212 Library Block BATM.s SOM 2004 B212 Or.2
2015-12-122015-12-12Library Block B 2015-12-12 ATM.sRUA016747  B212 Library Block BATM.s SOM 2004 B212 Or.3
2015-12-122015-12-12Library Block B 2015-12-12 ATM.sRUA016675  B212 Library Block BATM.s SOM 2004 B212 Or.4
2015-12-122015-12-12Library Block B 2015-12-12 ATM.sRUA033565  B212 Library Block BATM.s SOM 2004 B212 Or.5
2015-12-122015-12-12Library Block B 2015-12-12 ATM.sRUA033958  B212 Library Block BATM.s SOM 2004 B212 Or.6
2015-12-122015-12-12Library Block B 2015-12-12 ATM.sRUA034133  B212 Library Block BATM.s SOM 2004 B212 Or.7
2015-12-122015-12-12Library Block B 2015-12-12 ATM.sRUA034777  B212 Library Block BATM.s SOM 2004 B212 Or.8
2019-10-252019-10-25Library Block B 2019-10-25 ATM.sA42028  B212 Library Block BATM.s SOM 2004 B212 Or.10
មជ្ឈមណ្ឌលឯការនៃសាកលវិទ្យាល័យភូមិន្ទកសិកម្មចំការដូង

Powered by Koha